[Event "Ardennes-ch 0102"]
[Site "Ardennes"]
[Date "2001.??.??"]
[Round "?"]
[White "Louis, Vincent"]
[Black "Boron, Julien"]
[Result "1/2-1/2"]
[WhiteElo "1480"]
[BlackElo "1660"]
[PlyCount "43"]
[EventDate "2001.??.??"]
[EventType "swiss"]
[EventRounds "9"]
[EventCountry "FRA"]
[SourceTitle "EXT 2008"]
[Source "ChessBase"]
[SourceDate "2007.11.25"]
[SourceVersion "1"]
[SourceVersionDate "2007.11.25"]
[SourceQuality "1"]

1. e4 e5 2. Nf3 Nc6 3. Bb5 Bc5 4. 0-0 d6 5. d4 exd4 6. Nxd4 Bd7 7. Nxc6 Bxc6 8. Bxc6+ bxc6 9. Bf4 Nf6 10. Re1 0-0 11. a3 Qd7 12. Nc3 Rfe8 13. h3 a5 14. e5 dxe5 15. Rxe5 Rxe5 16. Bxe5 Bxf2+ 17. Kxf2 Qf5+ 18. Qf3 Qxe5 19. Qxc6 Re8 20. Qf3 Qd4+ 21. Kf1 Qd2 22. Qf2 1/2-1/2